2006 Movies by Screenshot - Statistics

General Stats
  • This quiz has been taken 894 times
  • The average score is 11 of 16
Answer Stats
Picture Answer % Correct
Cars
98%
Ice Age: The Meltdown
96%
Superman Returns
96%
Pirates of the Caribbean: Dead Man's Chest
94%
Happy Feet
89%
Casino Royale
88%
Night at the Museum
84%
Borat
75%
X-Men: The Last Stand
66%
The Da Vinci Code
62%
Mission: Impossible III
55%
The Departed
45%
Little Miss Sunshine
44%
Talladega Nights: The Ballad of Ricky Bobby
36%
The Prestige
35%
Children of Men
23%
No matching quizzes found
Score Distribution
Percent of People with Each Score
Percentile by Number Answered
Your Score History
You have not taken this quiz